000 01709cam a2200313 a 4500
005 20031230185550.0
008 940308s1993 enkab b 001 0 eng
010 _aENG-101681 B-425190-191
020 _c295.00
_a9788184000474
035 _aEN-85214 B-425190-191
037 _bDBAD/PUB
040 _adpl
_bEng
082 _a915.404
100 1 _922405
245 1 0 _aBeyond the three seas :
_cedited by Michael H. Fisher
_btravellers' tales of Mughal India /
260 _aNoida
_bRandom House India
_c2008
270 _aMind Mill Corporate Tower, 2nd Floor, Plot No 24A Sector 16A,
_bNoida
_e201301
300 1 _a306p. :
_c20cm (pbk)
_bmaps
500 _aIncludes bibliographical references and index.
650 0 _922448
_aEuropeans
_xTravel
_zMogul Empire.
650 0 _aTravelers’ writings, European.
_924381
651 _922481
_aMogul Empire
_vEarly works to 1800.
_xDescription and travel
700 _922431
_aFisher, Michael Herbert,
_d1950-
942 _2ddc
_cEN
_mBEY
_h915.404
999 _c48289
_d48289